Online Catalogue and eLibrary

Buddha kaleena bharatheeya aagam (Record no. 834)

MARC details
000 -LEADER
fixed length control field 00376nam a2200145Ia 4500
005 - DATE AND TIME OF LATEST TRANSACTION
control field 20250509034312.0
008 - FIXED-LENGTH DATA ELEMENTS--GENERAL INFORMATION
fixed length control field 240331s9999 xx 000 0 und d
082 ## - DDC Classification
Class No. 291
Item Number - Author Mark ROT
100 ## - MAIN ENTRY--PERSONAL NAME
Personal name Rotuba Premarathane Thera,
245 #0 - TITLE STATEMENT
Title Buddha kaleena bharatheeya aagam
260 ## - PUBLICATION, DISTRIBUTION, ETC.
Place of publication, distribution, etc. Colombo
Name of publisher, distributor, etc. Edna Enterprises
Date of publication, distribution, etc. 1993
300 ## - PHYSICAL DESCRIPTION
Extent (e.g. Volumes, Pages etc.) 104 p .,
500 ## - GENERAL NOTE
General note Book on Buddhism
942 ## - Koha item type (Biblio)
Koha item type Books in Stacks (Lending)
Holdings
Lost status Damaged status Collection code Home library Current library Shelving location Date acquired Full call number Accession Number Item type
    Lending WERC Library WERC Library Social Science Cupboard 03/31/2024 291 ROT 3326 Books in Stacks (Lending)

© WERC Library